000 01426nam a2200361 i 4500
001 000013762
003 DO-SdBNP
005 20250130135907.0
007 ta
008 091130s1986 dr a r 000 0 spa d
040 _aDO-SdBNP
_bspa
_cBNPHU
_erda
082 4 _a371.3028
_bR426t, 1986
_222
110 1 _aRepública Dominicana.
_bSecretaría de Estado de Educación, Bellas Artes y Cultos
_923965
245 1 0 _aTécnicas de estudio /
_cAlba R. Acosta Rosario, Fabiola Castillo Acevedo, Orfelina P. Fernández García, María Iluminada Nova de D., Octavio Muñoz Díaz, Giovanny Ubri Mejía.
264 1 _aSanto Domingo :
_bDirección General de Medios Educativos,
_c1986.
300 _a142 páginas :
_bilustraciones ;
_c25 cm.
336 _atexto
_btxt
_2rdacontent
337 _asin mediación
_bn
_2rdamedia
338 _avolumen
_bnc
_2rdacarrier
504 _aBibliografía : páginas 142
590 _aInventariado, 2018/BT
650 4 _aMétodos de estudio
_9735
650 4 _aCapacitación docente
_917398
650 4 _aMedios de enseñanza
_931236
700 1 _aAcosta Rosario, Alba R.
_931237
700 1 _aCastillo Acevedo, Fabiola
_931238
700 1 _aFernández García, Orfelina L.
_931239
700 1 _aNova D., María Iluminada de
_931240
700 1 _aMuñoz Díaz, Octavio
_931241
700 1 _aUbrí Mejía, Giovanny
_931242
910 _aValidado. Control de la calidad. EMS
942 _2ddc
_cLBS1
999 _c13375
_d13375